[Event "Schachfestival 2013 - Open"]
[Site "Bad Woerishofen"]
[Date "2013.03.03"]
[Round "4.20"]
[White "Matzat, Andre"]
[Black "Calzetta Ruiz, Monica"]
[Result "0-1"]
[WhiteElo "2078"]
[BlackElo "2251"]
[Annotator "chessorg"]
[PlyCount "80"]
[EventDate "2013.??.??"]
[WhiteTeam "Oberhausener Schachverein 1887 e"]
[BlackTeam "SK Doppelbauer Kiel"]

1. d4 Nf6 2. Nf3 c5 3. c3 b6 4. Bf4 g6 5. e3 Bg7 6. Be2 O-O 7. O-O Bb7 8. a4 d6
9. h3 Nbd7 10. a5 Rb8 11. Nbd2 b5 12. a6 Bc6 13. dxc5 Nxc5 14. Nd4 Bd7 15. Nc2
Na4 16. Qc1 Nd5 17. Bf3 Nxf4 18. exf4 Qc7 19. Nb4 e6 20. Nb3 d5 21. Nd4 Rfc8
22. Qd2 Qd6 23. Ra2 Rb6 24. Be2 Nc5 25. Nd3 Rxa6 26. Rxa6 Qxa6 27. Nxc5 Rxc5
28. Nb3 Rc7 29. Ra1 Qd6 30. g3 a6 31. Qe3 Bc8 32. Rd1 b4 33. c4 Bxb2 34. cxd5
exd5 35. Qe8+ Kg7 36. Bf3 d4 37. Nd2 Bxh3 38. Ne4 Qe7 39. Qxe7 Rxe7 40. Ng5 Bf5
0-1

[Event "Schachfestival 2013 - Open"]
[Site "Bad Woerishofen"]
[Date "2013.03.03"]
[Round "4.21"]
[White "Thiel, Kuno"]
[Black "Valet, Richard"]
[Result "1-0"]
[WhiteElo "2196"]
[BlackElo "2056"]
[Annotator "chessorg"]
[PlyCount "67"]
[EventDate "2013.??.??"]
[WhiteTeam "Schachverein Hennef 1927 e.V."]
[BlackTeam "Greifswalder Schachverein"]

1. Nf3 c5 2. c4 Nc6 3. Nc3 g6 4. g3 Bg7 5. Bg2 e6 6. O-O Nge7 7. e3 O-O 8. d4
cxd4 9. Nxd4 Nxd4 10. exd4 d5 11. cxd5 Nxd5 12. Qd3 Nb4 13. Qe2 Qxd4 14. Rd1
Qe5 15. Qc4 Nd5 16. Nxd5 exd5 17. Qxd5 Bg4 18. Qxe5 Bxe5 19. Re1 Bf6 20. Bxb7
Rab8 21. Bd5 Bxb2 22. Bxb2 Rxb2 23. Re7 Be6 24. Bxe6 fxe6 25. Rc1 Rxa2 26. Rcc7
Rfxf2 27. Rg7+ Kf8 28. Rxh7 Kg8 29. Rhg7+ Kf8 30. Rgd7 Ke8 31. Rh7 Kd8 32. Rcg7
Ke8 33. Rb7 Rfc2 34. Rh8# 1-0

[Event "Schachfestival 2013 - Open"]
[Site "Bad Woerishofen"]
[Date "2013.03.03"]
[Round "4.24"]
[White "Grawe, Christian"]
[Black "Spanton, Timothy"]
[Result "1-0"]
[WhiteElo "2199"]
[BlackElo "2024"]
[Annotator "chessorg"]
[PlyCount "79"]
[EventDate "2013.??.??"]
[WhiteTeam "Schachklub Germering e. V."]
[BlackTeam "Hastings"]

1. e4 e5 2. Nf3 Nc6 3. Bb5 Nge7 4. O-O g6 5. c3 Bg7 6. d4 exd4 7. cxd4 d5 8.
exd5 Nxd5 9. Bxc6+ bxc6 10. Bg5 Qd6 11. Re1+ Be6 12. Nbd2 O-O 13. a3 Nf6 14.
Qa4 Rfb8 15. Bxf6 Bxf6 16. Ne4 Qd8 17. Nxf6+ Qxf6 18. Qxc6 Qd8 19. b4 Bd5 20.
Qc3 a5 21. Ne5 axb4 22. axb4 Rxa1 23. Rxa1 Qd6 24. Nd3 Qe7 25. Nf4 Ba8 26. f3
Qd6 27. Nd3 Bd5 28. Nc5 Re8 29. Re1 Ra8 30. Qe3 Kg7 31. Qe5+ Qxe5 32. Rxe5 c6
33. b5 f6 34. Re7+ Kf8 35. Rxh7 Ra1+ 36. Kf2 Kg8 37. Rd7 Rb1 38. bxc6 Bxc6 39.
Rd6 Rb2+ 40. Kg3 1-0

[Event "Schachfestival 2013 - Open"]
[Site "Bad Woerishofen"]
[Date "2013.03.03"]
[Round "4.28"]
[White "Von Saldern, Ruediger"]
[Black "Behling, Robert"]
[Result "1/2-1/2"]
[WhiteElo "1964"]
[BlackElo "2154"]
[Annotator "chessorg"]
[PlyCount "111"]
[EventDate "2013.??.??"]
[WhiteTeam "SF Starnberger See e.V."]
[BlackTeam "SK Caissa Augsburg"]

1. d4 d5 2. Nf3 Nf6 3. Bg5 Ne4 4. Bh4 c6 5. e3 Qb6 6. Qc1 Bf5 7. Be2 e6 8. O-O
c5 9. c4 dxc4 10. Bxc4 Nc6 11. d5 exd5 12. Bxd5 Bd6 13. Nc3 Nxc3 14. Qxc3 O-O
15. Rfd1 Nb4 16. Bc4 Rae8 17. a3 Na6 18. Rd2 Bg4 19. Rad1 Bb8 20. Bg3 Bxg3 21.
hxg3 Nb8 22. Rd6 Qc7 23. R1d2 Nc6 24. Bb5 Bxf3 25. gxf3 Ne5 26. Kg2 Re7 27.
R6d5 b6 28. b4 c4 29. R5d4 Qb7 30. e4 h5 31. Bxc4 Rc8 32. Rd8+ Kh7 33. Rxc8
Qxc8 34. Qb3 Rc7 35. Be2 f6 36. Rd6 Rc2 37. Bd1 Rc3 38. Qd5 Rd3 39. Qxe5 fxe5
40. Rxd3 Qc4 41. Be2 Qc2 42. Bf1 Qc1 43. Re3 g5 44. Rd3 g4 45. fxg4 hxg4 46.
Rd7+ Kg6 47. Rxa7 Qc2 48. Ra6 Qxe4+ 49. Kg1 Qd4 50. a4 Kf5 51. a5 bxa5 52. bxa5
e4 53. Rb6 e3 54. Rb5+ Kf6 55. fxe3 Qxe3+ 56. Kh2 1/2-1/2

[Event "Schachfestival 2013 - Open"]
[Site "Bad Woerishofen"]
[Date "2013.03.03"]
[Round "4.34"]
[White "Scharrer, Udo"]
[Black "Kannenberg, Karl-Heinz"]
[Result "1/2-1/2"]
[WhiteElo "2039"]
[BlackElo "2200"]
[Annotator "chessorg"]
[PlyCount "43"]
[EventDate "2013.??.??"]
[WhiteTeam "SV Dicker Turm Esslingen"]
[BlackTeam "SC Kitzingen von 1905"]

1. d4 d5 2. c4 c6 3. Nf3 Nf6 4. e3 Bg4 5. Qb3 Qb6 6. Nc3 e6 7. Bd3 Nbd7 8. cxd5
Qxb3 9. axb3 exd5 10. Nh4 Be7 11. h3 Be6 12. Nf5 Bxf5 13. Bxf5 O-O 14. Bd2 g6
15. Bd3 Rfe8 16. O-O Bf8 17. Na4 Ne4 18. Bxe4 dxe4 19. b4 Rad8 20. Rfc1 Nf6 21.
Nc5 Bxc5 22. bxc5 1/2-1/2

[Event "Schachfestival 2013 - Open"]
[Site "Bad Woerishofen"]
[Date "2013.03.03"]
[Round "4.35"]
[White "Kozlov, Alexander"]
[Black "Neuens, Heiko"]
[Result "1-0"]
[WhiteElo "2187"]
[BlackElo "2032"]
[Annotator "chessorg"]
[PlyCount "58"]
[EventDate "2013.??.??"]
[WhiteTeam "SC Swegenheim"]
[BlackTeam "SC 1948 Pruem"]

1. d4 Nf6 2. c4 c5 3. d5 e6 4. Nc3 exd5 5. cxd5 d6 6. Nf3 g6 7. g3 Bg7 8. Bg2
O-O 9. O-O Nbd7 10. Bf4 Nb6 11. a4 Nh5 12. Bg5 f6 13. Bc1 a6 14. h3 f5 15. Nd2
Re8 16. a5 Nd7 17. Nc4 Ne5 18. Nb6 Rb8 19. Re1 Nf6 20. Bg5 Nf7 21. Bd2 Ne4 22.
Nxe4 fxe4 23. Qc2 Bf5 24. Be3 Qf6 25. g4 Bc8 26. Qa4 Qe7 27. Rab1 h5 28. f3
hxg4 29. hxg4 Qh4 1-0

[Event "Schachfestival 2013 - Open"]
[Site "Bad Woerishofen"]
[Date "2013.03.03"]
[Round "4.41"]
[White "Pienabarca, Nicola"]
[Black "Schweizer, Manfred"]
[Result "1/2-1/2"]
[WhiteElo "2120"]
[BlackElo "2016"]
[Annotator "chessorg"]
[PlyCount "26"]
[EventDate "2013.??.??"]
[BlackTeam "Post SV Memmingen"]

1. d4 Nf6 2. c4 d6 3. Nc3 g6 4. Nf3 Bg7 5. g3 O-O 6. Bg2 Nbd7 7. O-O e5 8. e4
c6 9. h3 Qa5 10. d5 b5 11. Nd2 Nc5 12. Nb3 Nxb3 13. Qxb3 b4 1/2-1/2

[Event "Schachfestival 2013 - Open"]
[Site "Bad Woerishofen"]
[Date "2013.03.03"]
[Round "4.44"]
[White "Riedl, Guenter"]
[Black "Klamp, Christoph"]
[Result "1/2-1/2"]
[WhiteElo "1921"]
[BlackElo "2092"]
[Annotator "chessorg"]
[PlyCount "22"]
[EventDate "2013.??.??"]
[WhiteTeam "SK Marktoberdorf"]
[BlackTeam "Schachforum Darmstadt"]

1. c4 f5 2. Nc3 Nf6 3. d4 d6 4. Bg5 g6 5. Bxf6 exf6 6. e3 c6 7. Bd3 Qe7 8. Nge2
Bh6 9. Qc2 Na6 10. a3 Nc7 11. O-O-O Be6 1/2-1/2

[Event "Schachfestival 2013 - Open"]
[Site "Bad Woerishofen"]
[Date "2013.03.03"]
[Round "4.46"]
[White "Wörl, Richard"]
[Black "Helbig, Dieter"]
[Result "1-0"]
[WhiteElo "2054"]
[BlackElo "1880"]
[Annotator "chessorg"]
[PlyCount "65"]
[EventDate "2013.??.??"]
[WhiteTeam "SW Nuernberg Sued e.V."]
[BlackTeam "SK Weilheim"]

1. e4 c5 2. c3 Nc6 3. Be2 g6 4. f4 Bg7 5. Nf3 d6 6. O-O Nf6 7. d3 O-O 8. Qe1 h6
9. Qh4 e5 10. fxe5 Nxe5 11. Nxe5 dxe5 12. Bxh6 b5 13. Bg5 c4 14. Rxf6 cxd3 15.
Rxg6 fxg6 16. Bxd8 dxe2 17. Nd2 Rf4 18. Qg5 Kh7 19. Re1 Be6 20. Rxe2 Rf8 21.
Qh4+ Kg8 22. Be7 Rf4 23. Qg5 Re8 24. Bc5 Kh7 25. Rf2 Rg4 26. Qe3 Rd8 27. Qe2 a6
28. Be3 Rd7 29. g3 Bh6 30. Kg2 Bf4 31. Bxf4 exf4 32. Rxf4 Rg5 33. Rh4+ 1-0

[Event "Schachfestival 2013 - Open"]
[Site "Bad Woerishofen"]
[Date "2013.03.03"]
[Round "4.71"]
[White "Riegler, Dieter"]
[Black "Lehmann, Edwin"]
[Result "1-0"]
[WhiteElo "2142"]
[BlackElo "1940"]
[Annotator "chessorg"]
[PlyCount "43"]
[EventDate "2013.??.??"]
[WhiteTeam "SK 1947 Sandhausen e.V."]
[BlackTeam "SK Koenigsspringer Emden"]

1. d4 f5 2. Bg5 g6 3. Nc3 Bg7 4. h4 h6 5. Bf4 Nf6 6. e3 d6 7. Bc4 d5 8. Bb3 c6
9. Nf3 Nbd7 10. Ne5 Nxe5 11. Bxe5 Rg8 12. f3 Be6 13. Qd2 Qd7 14. Ne2 O-O-O 15.
Nf4 Bf7 16. Nd3 b6 17. Qb4 Qb7 18. Ba4 a5 19. Qc3 b5 20. Qxa5 Nd7 21. Bxb5 Qxb5
22. Qc7# 1-0

[Event "Schachfestival 2013 - Open"]
[Site "Bad Woerishofen"]
[Date "2013.03.03"]
[Round "4.76"]
[White "Jagdhuber, Hans"]
[Black "Babar, Michael"]
[Result "0-1"]
[WhiteElo "2059"]
[BlackElo "2201"]
[Annotator "chessorg"]
[PlyCount "36"]
[EventDate "2013.??.??"]
[WhiteTeam "SK Keres-Augsburg 1980"]
[BlackTeam "Schachclub Hansa Dortmund e.V."]

1. c4 b6 2. Nf3 Bb7 3. g3 Bxf3 4. exf3 c5 5. d4 cxd4 6. Qxd4 Nc6 7. Qd1 g6 8.
Nc3 Bg7 9. Bg2 Bxc3+ 10. bxc3 Qc7 11. O-O Rc8 12. Bf4 d6 13. Bh3 Rd8 14. Re1
Kf8 15. Bg5 h6 16. Bc1 Ne5 17. Bf1 Nf6 18. Qd4 Nxf3+ 0-1

[Event "Schachfestival 2013 - Open"]
[Site "Bad Woerishofen"]
[Date "2013.03.03"]
[Round "4.83"]
[White "Frei, Markus"]
[Black "Vaclahovsky, Gerhard"]
[Result "1-0"]
[WhiteElo "1962"]
[BlackElo "1655"]
[Annotator "chessorg"]
[PlyCount "31"]
[EventDate "2013.??.??"]
[WhiteTeam "Freibauer Moerlenbach-Birkenau"]
[BlackTeam "SK-Keres"]

1. e4 d5 2. exd5 Nf6 3. c4 c6 4. d4 cxd5 5. Nc3 e6 6. Nf3 Be7 7. Bf4 a6 8. c5
O-O 9. Bd3 Nc6 10. O-O b6 11. Na4 bxc5 12. dxc5 Nd7 13. Bb1 Rb8 14. Bxb8 Ncxb8
15. Qc2 a5 16. Qxh7# 1-0

[Event "Schachfestival 2013 - Open"]
[Site "Bad Woerishofen"]
[Date "2013.03.04"]
[Round "5.1"]
[White "Belezky, Alexander"]
[Black "Pap, Misa"]
[Result "1/2-1/2"]
[WhiteElo "2446"]
[BlackElo "2511"]
[Annotator "chessorg"]
[PlyCount "65"]
[EventDate "2013.??.??"]
[WhiteTeam "FC Bayern Muenchen e.V."]
[BlackTeam "Sfr. Korbach"]

1. Nf3 c5 2. g3 g6 3. Bg2 Bg7 4. d3 Nc6 5. c4 e6 6. O-O Nge7 7. Nc3 d5 8. Bd2
O-O 9. Rb1 b6 10. a3 a5 11. Nb5 Ba6 12. a4 h6 13. cxd5 exd5 14. Qb3 Nb4 15. Na3
Qd7 16. Bc3 d4 17. Bxb4 axb4 18. Nc4 Bxc4 19. Qxc4 Rxa4 20. Ra1 Qa7 21. Rxa4
Qxa4 22. Nd2 Rc8 23. Rb1 b5 24. Qc1 c4 25. Ra1 cxd3 26. Qe1 Qc2 27. exd3 Rc7
28. Rb1 b3 29. Bf3 h5 30. Qd1 Qxd1+ 31. Bxd1 Nd5 32. Nxb3 Nb4 33. Be2 1/2-1/2

[Event "Schachfestival 2013 - Open"]
[Site "Bad Woerishofen"]
[Date "2013.03.04"]
[Round "5.3"]
[White "Zude, Arno"]
[Black "Teske, Henrik"]
[Result "1/2-1/2"]
[WhiteElo "2461"]
[BlackElo "2513"]
[Annotator "chessorg"]
[PlyCount "108"]
[EventDate "2013.??.??"]
[WhiteTeam "SV 1920 Hofheim"]
[BlackTeam "SC 1950 Remagen"]

1. e4 c5 2. Nf3 Nc6 3. d4 cxd4 4. Nxd4 d6 5. Nc3 e6 6. Be2 Nf6 7. O-O Be7 8.
Be3 O-O 9. f4 Bd7 10. Nb3 a5 11. a4 Nb4 12. Bf3 Bc6 13. Qe2 d5 14. e5 Nd7 15.
Qf2 Rc8 16. Rfd1 b6 17. Nd4 Bc5 18. Nce2 Bb7 19. c3 Nc6 20. Nb5 Qe7 21. Ned4
Kh8 22. Re1 Ba6 23. Be2 Bxb5 24. Bxb5 Ndb8 25. Rad1 Bxd4 26. cxd4 f5 27. exf6
Qxf6 28. Bd3 Ne7 29. g4 Nbc6 30. Bb1 Nd8 31. Qg3 Nb7 32. f5 exf5 33. Bf4 Ng6
34. gxf5 Nxf4 35. Qxf4 Nd6 36. b3 Nxf5 37. Re5 Nd6 38. Qxf6 Rxf6 39. Rxd5 Rc3
40. Rf1 Nf7 41. Rdf5 Rxf5 42. Rxf5 Rc1+ 43. Rf1 Rxf1+ 44. Kxf1 g6 45. Kf2 Kg7
46. Kf3 Nd6 47. Kf4 Kf6 48. Bd3 h6 49. h3 g5+ 50. Kg4 Kg7 51. Bc2 Kf6 52. Kh5
Kg7 53. Kg4 Kf6 54. Kh5 Kg7 1/2-1/2

[Event "Schachfestival 2013 - Open"]
[Site "Bad Woerishofen"]
[Date "2013.03.04"]
[Round "5.4"]
[White "Levin, Felix"]
[Black "Mainka, Romuald"]
[Result "1/2-1/2"]
[WhiteElo "2512"]
[BlackElo "2430"]
[Annotator "chessorg"]
[PlyCount "60"]
[EventDate "2013.??.??"]
[WhiteTeam "Schachverein Muelheim-Nord 1931 e"]
[BlackTeam "Schachclub Hansa Dortmund e.V."]

1. d4 Nf6 2. c4 e6 3. Nf3 b6 4. g3 Ba6 5. b3 Bb7 6. Bg2 Bb4+ 7. Bd2 Be7 8. Nc3
O-O 9. O-O Na6 10. Ne5 Bxg2 11. Kxg2 Qb8 12. e3 Qb7+ 13. Qf3 c6 14. a3 d5 15.
b4 Bd6 16. b5 cxb5 17. cxd5 exd5 18. Nxb5 Bxe5 19. dxe5 Ne4 20. Rfd1 Qe7 21.
Bb4 Nxb4 22. axb4 a6 23. Nd6 Qxe5 24. Nxe4 dxe4 25. Qf4 Qxf4 26. gxf4 g6 27.
Rd6 Rfb8 28. Rd4 a5 29. bxa5 Rxa5 30. Rb1 Ra2 1/2-1/2

[Event "Schachfestival 2013 - Open"]
[Site "Bad Woerishofen"]
[Date "2013.03.04"]
[Round "5.5"]
[White "Romanishin, Oleg"]
[Black "Estremera, Sergio"]
[Result "1/2-1/2"]
[WhiteElo "2503"]
[BlackElo "2365"]
[Annotator "chessorg"]
[PlyCount "35"]
[EventDate "2013.??.??"]
[WhiteTeam "SC Kreuzberg e.V."]

1. d4 Nf6 2. Nf3 d5 3. c4 e6 4. g3 Bb4+ 5. Bd2 Be7 6. Bg2 O-O 7. O-O c6 8. Qb3
Nbd7 9. Nc3 Nb6 10. c5 Nc4 11. Qc2 b6 12. b4 a5 13. a3 Ba6 14. Rfc1 Nd7 15. e4
Nxa3 16. Rxa3 axb4 17. Rxa6 Rxa6 18. Na2 1/2-1/2

[Event "Schachfestival 2013 - Open"]
[Site "Bad Woerishofen"]
[Date "2013.03.04"]
[Round "5.8"]
[White "Starostits, Ilmars"]
[Black "Rogobete, Nikolas"]
[Result "1-0"]
[WhiteElo "2470"]
[BlackElo "2244"]
[Annotator "chessorg"]
[PlyCount "63"]
[EventDate "2013.??.??"]
[WhiteTeam "SC Schwegenheim"]
[BlackTeam "SC Tuerkheim/Bad Woerishofen"]

1. e4 d6 2. d4 Nf6 3. Nc3 g6 4. Be3 Bg7 5. Qd2 a6 6. Bh6 O-O 7. f3 b5 8. h4 b4
9. Nce2 e5 10. h5 Qe7 11. O-O-O c5 12. d5 a5 13. g4 c4 14. Ng3 c3 15. Qg5 cxb2+
16. Kxb2 Bxh6 17. Qxh6 Ra7 18. Bd3 a4 19. N1e2 Bxg4 20. Rdg1 b3 21. axb3 axb3
22. cxb3 Qc7 23. Nc3 Rc8 24. Nb5 Qc5 25. fxg4 Nbd7 26. Qd2 Rca8 27. Nxa7 Qxa7
28. Ra1 Qd4+ 29. Qc3 Qf2+ 30. Bc2 Rb8 31. Rhf1 Qb6 32. g5 1-0

[Event "Schachfestival 2013 - Open"]
[Site "Bad Woerishofen"]
[Date "2013.03.04"]
[Round "5.10"]
[White "Kammers, Heribert"]
[Black "Braun, Christian"]
[Result "0-1"]
[WhiteElo "2166"]
[BlackElo "2385"]
[Annotator "chessorg"]
[PlyCount "80"]
[EventDate "2013.??.??"]
[WhiteTeam "Schachklub Muenster 32 e.V."]
[BlackTeam "DJK Aufwaerts St. Josef Aachen 19"]

1. d4 Nf6 2. c4 g6 3. Nc3 d5 4. Nf3 Bg7 5. e3 O-O 6. cxd5 Nxd5 7. Bc4 Nb6 8.
Bb3 c5 9. O-O cxd4 10. exd4 Bg4 11. h3 Bxf3 12. Qxf3 Nc6 13. Rd1 a5 14. a4 Nxd4
15. Qxb7 Qb8 16. Qxb8 Raxb8 17. Ba2 Rfc8 18. Bf4 e5 19. Be3 Kf8 20. Rab1 f5 21.
Nb5 Nxa4 22. Nxd4 exd4 23. Bxd4 Nxb2 24. Bxg7+ Kxg7 25. Rd7+ Kh6 26. Re1 Re8
27. Rc1 Rbc8 28. Rb1 Re2 29. Rb7 Nd3 30. Bd5 Nxf2 31. Ra7 Ne4 32. Rbb7 Re1+ 33.
Kh2 Nf6 34. Bf3 f4 35. Rxa5 Rcc1 36. g4 Rc2+ 37. Bg2 f3 38. g5+ Kh5 39. gxf6+
Kh6 40. Kg3 fxg2 0-1

[Event "Schachfestival 2013 - Open"]
[Site "Bad Woerishofen"]
[Date "2013.03.04"]
[Round "5.11"]
[White "Pirrot, Dieter"]
[Black "Dewenter, Ulf"]
[Result "1/2-1/2"]
[WhiteElo "2377"]
[BlackElo "2157"]
[Annotator "chessorg"]
[PlyCount "36"]
[EventDate "2013.??.??"]
[WhiteTeam "SV Hofheim"]
[BlackTeam "Schachclub Weisse Dame Borbeck 25"]

1. e4 c5 2. c3 g6 3. Nf3 Bg7 4. d4 cxd4 5. cxd4 d5 6. e5 Nc6 7. Nc3 Bg4 8. Bb5
Nh6 9. h3 Bxf3 10. Qxf3 O-O 11. Bxc6 bxc6 12. O-O f6 13. e6 Nf5 14. Qd3 Qb6 15.
Rd1 Rfd8 16. Na4 Qb5 17. b3 Nxd4 18. Qxd4 f5 1/2-1/2

[Event "Schachfestival 2013 - Open"]
[Site "Bad Woerishofen"]
[Date "2013.03.04"]
[Round "5.12"]
[White "Wichmann, Cliff"]
[Black "Grawe, Christian"]
[Result "1-0"]
[WhiteElo "2349"]
[BlackElo "2199"]
[Annotator "chessorg"]
[PlyCount "75"]
[EventDate "2013.??.??"]
[WhiteTeam "ESV Nickelhuette Aue"]
[BlackTeam "Schachklub Germering e. V."]

1. c4 e5 2. g3 Nf6 3. Bg2 d5 4. cxd5 Nxd5 5. Nc3 Nb6 6. Nf3 Nc6 7. O-O Be7 8.
a4 a5 9. Nb5 O-O 10. d3 Be6 11. Be3 Nd5 12. Bd2 f6 13. Rc1 Qd7 14. e4 Ndb4 15.
d4 exd4 16. Bf4 Rac8 17. Nfxd4 Nxd4 18. Nxd4 Rfd8 19. Nxe6 Qxe6 20. Qh5 Nd3 21.
Bh3 Qxe4 22. Bf5 g6 23. Bxe4 gxh5 24. Rxc7 Nxf4 25. Rxe7 Nh3+ 26. Kg2 Ng5 27.
Bxb7 Rc2 28. b3 Kf8 29. Re3 Rdd2 30. h4 Nf7 31. Be4 Rb2 32. Bxh7 Ne5 33. Bf5
Kg7 34. Rc3 Ng4 35. Rc7+ Kf8 36. Bxg4 hxg4 37. Rb7 Ke8 38. h5 1-0

[Event "Schachfestival 2013 - Open"]
[Site "Bad Woerishofen"]
[Date "2013.03.04"]
[Round "5.15"]
[White "Jameson, David"]
[Black "Rahls, Peter"]
[Result "1-0"]
[WhiteElo "2113"]
[BlackElo "2286"]
[Annotator "chessorg"]
[PlyCount "121"]
[EventDate "2013.??.??"]
[WhiteTeam "SC-Starnberg"]

1. d4 d5 2. Nf3 Nf6 3. Bf4 c6 4. c3 Bf5 5. e3 Nbd7 6. Nbd2 e6 7. Be2 Be7 8. O-O
O-O 9. h3 c5 10. Nh4 c4 11. Nxf5 exf5 12. Qc2 Ne4 13. f3 Nxd2 14. Qxd2 Rc8 15.
Qc2 g6 16. e4 fxe4 17. fxe4 dxe4 18. Qxe4 Rc6 19. Bh6 Nf6 20. Qf3 Re8 21. g4
Bf8 22. Bxf8 Rxf8 23. Bxc4 Rxc4 24. Qxf6 Qc7 25. Rf3 Rc6 26. Qf4 Qe7 27. Re3
Qh4 28. Rf1 Qd8 29. Qf3 f5 30. Re5 f4 31. Qd5+ Qxd5 32. Rxd5 Re6 33. Kg2 h6 34.
h4 Re3 35. Rf3 Re2+ 36. Rf2 Re3 37. g5 Rg3+ 38. Kf1 Rh3 39. Rd6 f3 40. Rxg6+
Kh7 41. Rxh6+ Kg7 42. Ke1 Rf4 43. Kd2 Rg3 44. Ke3 Rf7 45. Re6 Rg1 46. Re4 Re1+
47. Kd3 Rg1 48. Re3 Rg3 49. h5 Rxg5 50. Rfxf3 Rxf3 51. Rxf3 Rg2 52. b4 Rxa2 53.
Rf5 a6 54. Ra5 Rf2 55. Rc5 b5 56. Rc6 Ra2 57. Ke4 Re2+ 58. Kd5 Rc2 59. Rc5 Kh6
60. Kc6 Ra2 61. d5 1-0

[Event "Schachfestival 2013 - Open"]
[Site "Bad Woerishofen"]
[Date "2013.03.04"]
[Round "5.17"]
[White "Stuemer, Paul"]
[Black "Thiel, Kuno"]
[Result "1-0"]
[WhiteElo "2117"]
[BlackElo "2196"]
[Annotator "chessorg"]
[PlyCount "79"]
[EventDate "2013.??.??"]
[WhiteTeam "SV Bergneustadt/Derschlag"]
[BlackTeam "Schachverein Hennef 1927 e.V."]

1. Nf3 Nf6 2. c4 b6 3. Nc3 Bb7 4. d3 c5 5. e4 d6 6. g3 g6 7. Bg2 Bg7 8. O-O O-O
9. h3 Nc6 10. Be3 e5 11. Qd2 Nd4 12. Nd5 Nxd5 13. cxd5 Nxf3+ 14. Bxf3 f5 15.
Bg2 Qf6 16. Bg5 Qf7 17. f3 f4 18. g4 Bf6 19. Bxf6 Qxf6 20. Rf2 Rf7 21. Bf1 h5
22. Rh2 Rh7 23. Rc1 Kg7 24. Rc2 Rah8 25. Qe1 Bc8 26. Rcg2 Qd8 27. Be2 Bd7 28.
a3 Kf7 29. Qf2 a5 30. Bf1 b5 31. Qe1 b4 32. axb4 cxb4 33. Qf2 Qc7 34. d4 Rc8
35. Qh4 exd4 36. gxh5 Rxh5 37. Qxf4+ Kg7 38. Rxg6+ Kxg6 39. Rg2+ Kh7 40. Qf7+ 1-0

[Event "Schachfestival 2013 - Open"]
[Site "Bad Woerishofen"]
[Date "2013.03.04"]
[Round "5.23"]
[White "Schatz, Christian"]
[Black "König, Falk"]
[Result "1-0"]
[WhiteElo "2195"]
[BlackElo "2135"]
[Annotator "chessorg"]
[PlyCount "35"]
[EventDate "2013.??.??"]
[WhiteTeam "Schachzentrum Fuerth 2002"]
[BlackTeam "Schachfreunde Vonkeln 1931"]

1. c4 c5 2. Nf3 Nf6 3. g3 d5 4. Bg2 Nc6 5. cxd5 Nxd5 6. O-O e5 7. Nc3 Nc7 8. d3
Be7 9. Nd2 Bd7 10. Nc4 f6 11. f4 exf4 12. Bxf4 O-O 13. Qb3 Be8 14. Qxb7 Ne5 15.
Bxe5 fxe5 16. Nd5 Nxd5 17. Bxd5+ Bf7 18. Rxf7 1-0

[Event "Schachfestival 2013 - Open"]
[Site "Bad Woerishofen"]
[Date "2013.03.04"]
[Round "5.29"]
[White "Astengo, Corrado"]
[Black "Hehn, Hartmut"]
[Result "1-0"]
[WhiteElo "2171"]
[BlackElo "2047"]
[Annotator "chessorg"]
[PlyCount "39"]
[EventDate "2013.??.??"]
[WhiteTeam "Societe  Scacchistica Milanese"]
[BlackTeam "SV Ebersbach"]

1. e4 d5 2. exd5 Qxd5 3. Nc3 Qa5 4. d4 Nf6 5. Bc4 Bf5 6. Nf3 e6 7. Qe2 c6 8.
Ne5 Nbd7 9. Bd2 Qc7 10. Bb3 Bd6 11. g4 Bg6 12. f4 Bxe5 13. dxe5 Nd5 14. Bxd5
cxd5 15. Nb5 Qxc2 16. Rc1 Qxb2 17. Nc7+ Ke7 18. Nxa8 Rxa8 19. f5 exf5 20. Bg5+ 1-0

[Event "Schachfestival 2013 - Open"]
[Site "Bad Woerishofen"]
[Date "2013.03.04"]
[Round "5.30"]
[White "Koch, Till"]
[Black "Schaefer, Michael"]
[Result "0-1"]
[WhiteElo "1869"]
[BlackElo "2168"]
[Annotator "chessorg"]
[PlyCount "40"]
[EventDate "2013.??.??"]
[WhiteTeam "Schachverein Unser Fritz Wanne-E"]
[BlackTeam "FB 80 Moerlenbach-Birkenau"]

1. e4 c5 2. c3 d5 3. exd5 Qxd5 4. d4 g6 5. Nf3 Bg7 6. Na3 cxd4 7. Bc4 Qe4+ 8.
Be3 Nh6 9. cxd4 O-O 10. O-O Bg4 11. Qd2 Bxf3 12. gxf3 Qh4 13. Rfe1 Nf5 14. Rad1
Nc6 15. Nb5 a6 16. Nc3 Ncxd4 17. Bxd4 Nxd4 18. Be2 Rad8 19. Qc1 Be5 20. f4 Bxf4
0-1

[Event "Schachfestival 2013 - Open"]
[Site "Bad Woerishofen"]
[Date "2013.03.04"]
[Round "5.31"]
[White "Beulertz, Stefan"]
[Black "Kuhne, Detlev"]
[Result "0-1"]
[WhiteElo "1971"]
[BlackElo "2155"]
[Annotator "chessorg"]
[PlyCount "74"]
[EventDate "2013.??.??"]
[WhiteTeam "Schachclub Werl 1981 e.V."]
[BlackTeam "Schachclub Hans Clauert Trebbi"]

1. e4 Nf6 2. e5 Nd5 3. Nc3 Nxc3 4. dxc3 d6 5. Bc4 Nc6 6. exd6 exd6 7. Bf4 Be7
8. Qe2 O-O 9. O-O-O Bg5 10. Qd2 Bf6 11. Ne2 Rb8 12. Nd4 Nxd4 13. cxd4 b5 14.
Bd3 b4 15. h4 a5 16. Bg5 a4 17. Kb1 Be6 18. d5 Bd7 19. Qf4 Re8 20. Bxf6 Qxf6
21. Qxf6 gxf6 22. Rhe1 h6 23. Kc1 Kg7 24. Kd2 Re5 25. Bc4 Rbe8 26. f4 Re4 27.
Bf1 Rxf4 28. g3 Rf2+ 29. Re2 Rexe2+ 30. Bxe2 Bg4 31. Re1 f5 32. Kd1 Rxe2 33.
Rxe2 Bxe2+ 34. Kxe2 Kf6 35. Kd3 Ke5 36. Kc4 f4 37. gxf4+ Kxf4 0-1

[Event "Schachfestival 2013 - Open"]
[Site "Bad Woerishofen"]
[Date "2013.03.04"]
[Round "5.32"]
[White "Kannenberg, Karl-Heinz"]
[Black "Von Saldern, Ruediger"]
[Result "1-0"]
[WhiteElo "2200"]
[BlackElo "1964"]
[Annotator "chessorg"]
[PlyCount "41"]
[EventDate "2013.??.??"]
[WhiteTeam "SC Kitzingen von 1905"]
[BlackTeam "SF Starnberger See e.V."]

1. d4 d5 2. Nf3 Nf6 3. e3 e6 4. Bd3 Be7 5. Nbd2 Nbd7 6. b3 O-O 7. Ne5 c5 8. O-O
cxd4 9. exd4 Re8 10. Qe2 Nf8 11. Ndf3 Bd7 12. Ng5 Qb6 13. Bb2 a6 14. Ngxf7 Bb5
15. c4 dxc4 16. bxc4 Ba4 17. Rab1 Qc7 18. Qf3 Rac8 19. Nh6+ gxh6 20. Qg3+ Ng6
21. Bxg6 1-0

[Event "Schachfestival 2013 - Open"]
[Site "Bad Woerishofen"]
[Date "2013.03.04"]
[Round "5.35"]
[White "Vossenkuhl, Joachim"]
[Black "Fiedler, Wolfgang"]
[Result "1/2-1/2"]
[WhiteElo "2121"]
[BlackElo "1999"]
[Annotator "chessorg"]
[PlyCount "30"]
[EventDate "2013.??.??"]
[WhiteTeam "Ratinger Schachklub 1950"]
[BlackTeam "SK Zirndorf e.V."]

1. Nf3 g6 2. c4 Bg7 3. e4 c5 4. d4 cxd4 5. Nxd4 Nc6 6. Be3 d6 7. Nc3 Nf6 8. Be2
O-O 9. O-O Bd7 10. f3 Rc8 11. Qd2 Ne5 12. b3 Re8 13. Rfd1 Qa5 14. Bg5 Qc5 15.
Be3 Qa5 1/2-1/2

[Event "Schachfestival 2013 - Open"]
[Site "Bad Woerishofen"]
[Date "2013.03.04"]
[Round "5.45"]
[White "Stull, Norbert"]
[Black "Riedl, Guenter"]
[Result "1-0"]
[WhiteElo "2058"]
[BlackElo "1921"]
[Annotator "chessorg"]
[PlyCount "43"]
[EventDate "2013.??.??"]
[WhiteTeam "Le Cavalier Differdange"]
[BlackTeam "SK Marktoberdorf"]

1. d4 d5 2. Nf3 Nf6 3. c4 dxc4 4. Nc3 e6 5. e3 c5 6. Bxc4 Nc6 7. O-O a6 8. a4
cxd4 9. exd4 Be7 10. Re1 O-O 11. Bg5 h6 12. Bf4 Bb4 13. Qd2 Bd7 14. Ne5 Na5 15.
Ba2 Bc6 16. Bxh6 Bxc3 17. bxc3 Ne4 18. Qf4 Nxc3 19. Bxg7 Kxg7 20. Re3 Ne2+ 21.
Rxe2 f5 22. Re3 1-0